[Event "Lipetsk Spring"]
[Site "Lipetsk"]
[Date "2010.03.22"]
[Round "1"]
[White "Ekimov, Alexey"]
[Black "Ponomarev, Andrey"]
[Result "0-1"]
[WhiteElo "1757"]
[BlackElo "2028"]
[PlyCount "36"]
[EventDate "2010.03.22"]
[EventType "swiss"]
[EventRounds "9"]
[EventCountry "RUS"]
[SourceTitle "EXT 2022"]
[Source "ChessBase"]
[SourceDate "2021.10.06"]
[SourceVersion "1"]
[SourceVersionDate "2021.10.06"]
[SourceQuality "1"]

1. e4 e6 2. d4 d5 3. Nd2 Be7 4. Ngf3 Nf6 5. Bd3 c5 6. c3 Nc6 7. e5 Nd7 8. 0-0 g5 9. Qc2 g4 10. Ne1 cxd4 11. cxd4 Nxd4 12. Qc3 Nc6 13. Bb5 Qb6 14. Bxc6 Qxc6 15. Qxc6 bxc6 16. f4 Bc5+ 17. Kh1 Ba6 18. Nc2 Bxf1 0-1